Proving programs correct / (Record no. 180397)

000 -LEADER
fixed length control field 00874 a2200205 4500
003 - CONTROL NUMBER IDENTIFIER
control field Nust
005 - DATE AND TIME OF LATEST TRANSACTION
control field 20220819081029.0
010 ## - LIBRARY OF CONGRESS CONTROL NUMBER
LC control number 78009321
020 ## - INTERNATIONAL STANDARD BOOK NUMBER
International Standard Book Number 0471033952
040 ## - CATALOGING SOURCE
Transcribing agency Nust
082 00 - DEWEY DECIMAL CLASSIFICATION NUMBER
Classification number 005.14,AND
100 1# - MAIN ENTRY--PERSONAL NAME
Personal name Anderson, Robert Brockett,
9 (RLIN) 98148
245 10 - TITLE STATEMENT
Title Proving programs correct /
Statement of responsibility, etc. Robert B. Anderson.
260 ## - PUBLICATION, DISTRIBUTION, ETC.
Place of publication, distribution, etc. New York :
Name of publisher, distributor, etc. Wiley,
Date of publication, distribution, etc. c1979.
300 ## - PHYSICAL DESCRIPTION
Extent viii, 184 p. :
Other physical details ill. ;
Dimensions 23 cm.
505 ## - FORMATTED CONTENTS NOTE
Formatted contents note Mathematical Induction (Page-1), Proving the Correctness of Flowchart Programs (Page-21), Proving the Correctness of Programs Written in a Standard Programming Language (Page-91), Proving the Correctness of Recursive Programs (Page-120), Current Research Related to Proving Program Correctness (Page-164).
650 #0 - SUBJECT ADDED ENTRY--TOPICAL TERM
Topical term or geographic name entry element Computer programs
General subdivision Testing.
9 (RLIN) 36763
650 #0 - SUBJECT ADDED ENTRY--TOPICAL TERM
Topical term or geographic name entry element Debugging in computer science.
9 (RLIN) 36764
942 ## - ADDED ENTRY ELEMENTS (KOHA)
Source of classification or shelving scheme
Koha item type Book
Call number prefix 005.14,AND
Holdings
Withdrawn status Lost status Source of classification or shelving scheme Damaged status Not for loan Permanent Location Current Location Shelving location Date acquired Full call number Barcode Date last seen Price effective from Koha item type Public note
          Military College of Signals (MCS) Military College of Signals (MCS) General Stacks 12/12/2016 005.14,AND MCS3394 12/08/2016 12/12/2016 Book Almirah No.5, Shelf No.4
© 2023 Central Library, National University of Sciences and Technology. All Rights Reserved.